Every Dragon in the Legends of Zelda Series - Statistics

General Stats
  • This quiz has been taken 43 times
  • The average score is 9 of 20
Answer Stats
Dragon % Correct
Gleeok
72%
Farosh
69%
Malice Naydra
69%
Naydra
69%
Dinraal
66%
Light Dragon
62%
Demon Dragon
59%
Barba / Volvagia
48%
Volvagia
48%
Faron
38%
King Gleeok
38%
Eldin
34%
Lanayru
34%
Fire Gleeok
31%
Frost Gleeok
31%
Valoo
31%
Aquamentus
28%
Thunder Gleeok
28%
Argorok
21%
Gleerok
14%
No matching quizzes found
Score Distribution
Percent of People with Each Score
Percentile by Number Answered
Your Score History
You have not taken this quiz